[Event "3MCR_4D_1L_1S"]
[Site "?"]
[Date "1999.??.??"]
[Round "1"]
[White "Nemec, Jaroslav"]
[Black "Dufek, Jiri"]
[Result "1/2-1/2"]
[WhiteElo "2310"]
[BlackElo "2360"]
[PlyCount "87"]
[EventDate "1999.??.??"]
[EventType "corr"]

1. e4 c5 2. Nf3 d6 3. d4 cxd4 4. Nxd4 Nf6 5. Nc3 Nc6 6. Bg5 e6 7. Qd2 a6 8.
O-O-O h6 9. Be3 Nxd4 10. Bxd4 b5 11. f4 Be7 12. Qe3 Qc7 13. e5 dxe5 14. fxe5
Nd7 15. Ne4 Bb7 16. Nd6+ Qxd6 17. exd6 Bg5 18. Qxg5 hxg5 19. Bxg7 Rh4 20. Bd4
f5 21. Bf2 Rh7 22. Be3 f4 23. Bd4 Kf7 24. Re1 Re8 25. Bc3 e5 26. h3 Ke6 27. Rd1
g4 28. a4 Bc6 29. Bd3 e4 30. axb5 axb5 31. Rhe1 Kf7 32. Rf1 f3 33. gxf3 exd3
34. fxg4+ Kg8 35. Rf5 Re2 36. Rxd3 Be4 37. Rg5+ Kf7 38. Rd2 Re1+ 39. Rd1 Rxd1+
40. Kxd1 Bc6 41. Rh5 Rxh5 42. gxh5 Bf3+ 43. Kd2 Bxh5 44. Bb4 1/2-1/2

[Event "3MCR_4D_1L_1S"]
[Site "?"]
[Date "1999.??.??"]
[Round "1"]
[White "Orsag, Milan"]
[Black "Jandovsky, Viktor"]
[Result "1-0"]
[WhiteElo "2380"]
[BlackElo "2285"]
[PlyCount "57"]
[EventDate "1999.??.??"]
[EventType "corr"]

1. d4 Nf6 2. c4 g6 3. Nc3 Bg7 4. e4 d6 5. f4 O-O 6. Nf3 c5 7. d5 e6 8. Be2 exd5
9. exd5 Re8 10. O-O Bf5 11. Bd3 Qd7 12. Qc2 Bxd3 13. Qxd3 Na6 14. a3 Nc7 15. f5
Ng4 16. h3 Ne5 17. Nxe5 Bxe5 18. Kh1 a6 19. Ra2 b5 20. b3 Rab8 21. Ne4 bxc4 22.
bxc4 gxf5 23. Ng3 Kh8 24. Nxf5 f6 25. Raf2 Rg8 26. Bf4 Rg6 27. Bxe5 fxe5 28.
Ng3 Qe7 29. Ne4 1-0

[Event "3MCR_4D_1L_1S"]
[Site "?"]
[Date "1999.??.??"]
[Round "1"]
[White "Orsag, Milan"]
[Black "Hlavac, Rudolf"]
[Result "1/2-1/2"]
[WhiteElo "2380"]
[BlackElo "2300"]
[PlyCount "61"]
[EventDate "1999.??.??"]
[EventType "corr"]

1. d4 Nf6 2. c4 g6 3. Nc3 d5 4. cxd5 Nxd5 5. e4 Nxc3 6. bxc3 Bg7 7. Bb5+ c6 8.
Ba4 O-O 9. Ne2 e5 10. O-O Nd7 11. Bb3 Qe7 12. Qc2 Re8 13. f3 b6 14. Be3 Ba6 15.
Rfd1 Rac8 16. Qd2 c5 17. d5 c4 18. Ba4 Red8 19. Bxd7 Qxd7 20. a4 Bf8 21. a5 b5
22. Rdb1 Rb8 23. Nc1 Bc8 24. Qf2 a6 25. Bc5 Bxc5 26. Qxc5 Qd6 27. Qe3 Rd7 28.
Na2 Kg7 29. Nb4 h6 30. Rf1 Bb7 31. Ra2 1/2-1/2

[Event "3MCR_4D_1L_1S"]
[Site "?"]
[Date "1999.??.??"]
[Round "1"]
[White "Dufek, Jiri"]
[Black "Dolezel, Jiri"]
[Result "1-0"]
[WhiteElo "2360"]
[BlackElo "2415"]
[PlyCount "81"]
[EventDate "1999.??.??"]
[EventType "corr"]

1. d4 Nf6 2. c4 g6 3. Nc3 Bg7 4. e4 d6 5. Nf3 O-O 6. Be2 e5 7. O-O Nc6 8. d5
Ne7 9. b4 Nh5 10. Re1 Nf4 11. Bf1 a5 12. bxa5 Rxa5 13. a4 c5 14. Nb5 Ra6 15.
Ra3 h6 16. Nd2 Bd7 17. g3 Nh5 18. Bb2 Be8 19. Be2 Nf6 20. f4 Nd7 21. Qa1 f5 22.
Bd1 Rf7 23. fxe5 Nxe5 24. exf5 Nxf5 25. Nxd6 Qxd6 26. Bxe5 Re7 27. Nf3 Bxe5 28.
Rxe5 Nd4 29. Rxe7 Qxe7 30. Nxd4 cxd4 31. Rf3 Qe1+ 32. Rf1 Qe3+ 33. Kg2 Qe4+ 34.
Bf3 Qc2+ 35. Kg1 Qxc4 36. Qe1 Qc8 37. d6 Bf7 38. Qe7 Qe6 39. Bxb7 Qxe7 40. dxe7
Ra5 41. Bc6 1-0

[Event "3MCR_4D_1L_1S"]
[Site "?"]
[Date "1999.??.??"]
[Round "1"]
[White "Lexa, Vaclav"]
[Black "Leiner, Rainmund"]
[Result "1-0"]
[WhiteElo "2365"]
[BlackElo "2225"]
[PlyCount "97"]
[EventDate "1999.??.??"]
[EventType "corr"]

1. d4 d5 2. c4 e6 3. Nc3 Nf6 4. Nf3 Be7 5. Bf4 O-O 6. e3 Nbd7 7. Qc2 c6 8. a3
b6 9. cxd5 cxd5 10. Bd3 Bb7 11. O-O Rc8 12. Rac1 Re8 13. Qa4 a6 14. Bxa6 Ra8
15. Bxb7 Rxa4 16. Nxa4 Rf8 17. Bc7 Qe8 18. b4 b5 19. Nc3 Nb8 20. Ne5 h6 21. f3
Nh7 22. Ne2 Nf6 23. Rc2 Nfd7 24. Nc6 Nxc6 25. Bxc6 Qc8 26. Bxb5 Nf6 27. Rfc1
Qb7 28. Bd3 Rc8 29. Rc6 Qa8 30. Ra6 Qb7 31. Bg3 Rxc1+ 32. Nxc1 Nd7 33. Nb3 Qc8
34. Nc5 g5 35. Ra7 Nxc5 36. dxc5 Bxc5 37. bxc5 Qxc5 38. Ra8+ Kg7 39. Bf2 e5 40.
a4 e4 41. fxe4 dxe4 42. Bf1 f5 43. Rd8 h5 44. Rd4 Qc3 45. g3 Kf6 46. Rd6+ Kf7
47. Rd5 Ke6 48. Rb5 h4 49. a5 1-0

[Event "3MCR_4D_1L_1S"]
[Site "?"]
[Date "1999.??.??"]
[Round "1"]
[White "Jandovsky, Viktor"]
[Black "Vagenknecht, Ludek"]
[Result "1-0"]
[WhiteElo "2285"]
[BlackElo "2235"]
[PlyCount "73"]
[EventDate "1999.??.??"]
[EventType "corr"]

1. e4 c6 2. d4 d5 3. Nc3 dxe4 4. Nxe4 Nd7 5. Ng5 Ngf6 6. Bd3 e6 7. N1f3 Bd6 8.
Qe2 h6 9. Ne4 Nxe4 10. Qxe4 c5 11. Bd2 Qc7 12. O-O c4 13. Be2 Nf6 14. Qh4 Nd5
15. Rfe1 Bd7 16. Ne5 Bxe5 17. dxe5 Rc8 18. Qg3 Kf8 19. c3 Qc5 20. Bf1 b5 21.
Rad1 Bc6 22. Bc1 a6 23. Rd4 Ne7 24. Be3 Bd5 25. Rxc4 Qxc4 26. Bxc4 Rxc4 27. f3
g5 28. Qf2 Kg7 29. f4 Rg8 30. fxg5 Nf5 31. gxh6+ Kh7 32. g3 Rcg4 33. b3 f6 34.
Bf4 Nh4 35. exf6 Nf3+ 36. Kf1 Nxe1 37. Qa7+ 1-0

[Event "3MCR_4D_1L_1S"]
[Site "?"]
[Date "1999.??.??"]
[Round "1"]
[White "Hlavac, Rudolf"]
[Black "Talla, Vladimir"]
[Result "1-0"]
[WhiteElo "2300"]
[BlackElo "2310"]
[PlyCount "71"]
[EventDate "1999.??.??"]
[EventType "corr"]

1. e4 e5 2. Nf3 Nf6 3. Nxe5 d6 4. Nf3 Nxe4 5. d4 d5 6. Bd3 Be7 7. O-O Nc6 8.
Re1 Bg4 9. c4 Nf6 10. cxd5 Bxf3 11. Qxf3 Qxd5 12. Qxd5 Nxd5 13. Nc3 O-O-O 14.
Nxd5 Rxd5 15. Be4 Rxd4 16. Bxc6 bxc6 17. Be3 Rd5 18. Bxa7 Bf6 19. Rac1 Kb7 20.
Bc5 Rd2 21. a4 Rxb2 22. g3 Ra8 23. Re4 Rb3 24. Kg2 Rd8 25. h4 Rd5 26. Rec4 Rdd3
27. Be3 Rdc3 28. R1xc3 Rxc3 29. Rb4+ Kc8 30. g4 c5 31. Rf4 h6 32. Rf5 Rc4 33.
Kf3 Kd7 34. g5 hxg5 35. hxg5 Ke6 36. gxf6 1-0

[Event "3MCR_4D_1L_1S"]
[Site "?"]
[Date "1999.??.??"]
[Round "1"]
[White "Hlavac, Rudolf"]
[Black "Dufek, Jiri"]
[Result "1/2-1/2"]
[WhiteElo "2300"]
[BlackElo "2360"]
[PlyCount "74"]
[EventDate "1999.??.??"]
[EventType "corr"]

1. e4 c5 2. Nf3 Nc6 3. d4 cxd4 4. Nxd4 Nf6 5. Nc3 d6 6. Bc4 Qb6 7. Nxc6 bxc6 8.
O-O e6 9. Qe2 Be7 10. b3 O-O 11. Bb2 e5 12. Kh1 Nd7 13. Na4 Qc7 14. Rad1 Nb6
15. Nxb6 axb6 16. a4 Kh8 17. f4 exf4 18. Rxf4 d5 19. exd5 Qxf4 20. Qxe7 Bf5 21.
dxc6 Rae8 22. Qb4 Be4 23. Rg1 Qf2 24. Be5 Bxc6 25. Bd3 Rg8 26. Bg3 Qf6 27. Rf1
Qe6 28. Bf2 Rb8 29. Qh4 f5 30. Qh3 Rgf8 31. a5 bxa5 32. Bc5 Rf6 33. Bxf5 Qg8
34. Bd4 Rff8 35. Rg1 Rfe8 36. Qc3 Bd5 37. Qxa5 Qf7 1/2-1/2

[Event "3MCR_4D_1L_1S"]
[Site "?"]
[Date "1999.??.??"]
[Round "1"]
[White "Dufek, Jiri"]
[Black "Sekanina, Jiri"]
[Result "1/2-1/2"]
[WhiteElo "2360"]
[BlackElo "2355"]
[PlyCount "81"]
[EventDate "1999.??.??"]
[EventType "corr"]

1. e4 c5 2. Nf3 Nc6 3. d4 cxd4 4. Nxd4 Nf6 5. Nc3 e5 6. Ndb5 d6 7. Bg5 a6 8.
Na3 b5 9. Nd5 Be7 10. Bxf6 Bxf6 11. c3 O-O 12. Nc2 Bg5 13. a4 bxa4 14. Rxa4 a5
15. Bc4 Rb8 16. b3 Kh8 17. O-O g6 18. b4 Bd7 19. Qa1 Qc8 20. Bd3 axb4 21. cxb4
Ne7 22. Nxe7 Bxe7 23. Ra3 f5 24. exf5 Bxf5 25. Ne3 Be6 26. Ra7 Rb7 27. Be4 Rxa7
28. Qxa7 Bg5 29. Qa3 Qb8 30. b5 Bxe3 31. Qxe3 Qxb5 32. Bxg6 Qd7 33. Be4 Bf5 34.
Bd5 Bg6 35. Ra1 Qb5 36. Be6 Qc5 37. Qxc5 dxc5 38. Ra5 Rd8 39. f4 exf4 40. Rxc5
Kg7 41. Bd5 1/2-1/2

[Event "3MCR_4D_1L_1S"]
[Site "?"]
[Date "1999.??.??"]
[Round "1"]
[White "Valtera, Jiri"]
[Black "Chytilek, Roman"]
[Result "1/2-1/2"]
[WhiteElo "2340"]
[BlackElo "2275"]
[PlyCount "91"]
[EventDate "1999.??.??"]
[EventType "corr"]

1. d4 Nf6 2. c4 c5 3. d5 b5 4. cxb5 a6 5. bxa6 Bxa6 6. Nc3 d6 7. e4 Bxf1 8.
Kxf1 g6 9. g3 Bg7 10. Kg2 O-O 11. Nf3 Nbd7 12. Re1 Ra7 13. Qc2 Qa8 14. b3 Rb8
15. Bb2 Ne8 16. a4 Nc7 17. Nd1 Nf6 18. Ne3 Na6 19. Nc4 Qb7 20. Qe2 Nb4 21. a5
Ra6 22. Bc3 Re8 23. Nb6 Nd7 24. Bxg7 Kxg7 25. Nxd7 Qxd7 26. Nd2 Qb7 27. Qc4 Kg8
28. Qc3 e6 29. dxe6 fxe6 30. f4 Rea8 31. Nc4 Qg7 32. Qxg7+ Kxg7 33. Red1 d5 34.
exd5 exd5 35. Nb6 R8a7 36. Nxd5 Nxd5 37. Rxd5 Rxa5 38. Rxa5 Rxa5 39. Rd7+ Kg8
40. Rb7 Ra2+ 41. Kh3 Rb2 42. Rb5 Kf7 43. Rxc5 Rxb3 44. Rc7+ Kg8 45. Kg4 h6 46.
h3 1/2-1/2

[Event "3MCR_4D_1L_1S"]
[Site "?"]
[Date "1999.??.??"]
[Round "1"]
[White "Dolezel, Jiri"]
[Black "Hlavac, Rudolf"]
[Result "0-1"]
[WhiteElo "2415"]
[BlackElo "2300"]
[PlyCount "74"]
[EventDate "1999.??.??"]
[EventType "corr"]

1. e4 c5 2. Nf3 Nc6 3. d4 cxd4 4. Nxd4 Nf6 5. Nc3 e5 6. Ndb5 d6 7. Bg5 a6 8.
Na3 b5 9. Bxf6 gxf6 10. Nd5 f5 11. Bd3 Be6 12. Qh5 Bg7 13. O-O f4 14. c4 bxc4
15. Bxc4 O-O 16. Rac1 Rb8 17. b3 Qd7 18. Rfd1 Kh8 19. Qh4 Bxd5 20. Rxd5 Nb4 21.
Rd2 f5 22. exf5 d5 23. Rcd1 Rbc8 24. Qg4 Qe7 25. Nb1 e4 26. Bf1 f3 27. g3 Bh6
28. Rd4 Rc2 29. Qh5 Bg7 30. R4d2 Rxd2 31. Nxd2 Nxa2 32. Bxa6 Qe5 33. Nb1 Rxf5
34. Qg4 Rf8 35. Bf1 Nb4 36. Rc1 h5 37. Qh4 Bf6 0-1

[Event "3MCR_4D_1L_1S"]
[Site "?"]
[Date "1999.??.??"]
[Round "1"]
[White "Valtera, Jiri"]
[Black "Hostinsky, Jiri"]
[Result "1-0"]
[WhiteElo "2340"]
[BlackElo "2450"]
[PlyCount "93"]
[EventDate "1999.??.??"]
[EventType "corr"]

1. e4 c5 2. Nf3 Nc6 3. d4 cxd4 4. Nxd4 Nf6 5. Nc3 d6 6. Bc4 e6 7. Be3 Be7 8.
Bb3 O-O 9. Qe2 Bd7 10. O-O-O Qb8 11. f3 Nxd4 12. Bxd4 b5 13. e5 dxe5 14. Bxe5
Qb7 15. Rd4 Bc6 16. Rhd1 Rfc8 17. Ne4 a5 18. Nxf6+ gxf6 19. Bg3 a4 20. Bxe6
fxe6 21. Qxe6+ Kh8 22. Bh4 Qc7 23. Qf7 Bxf3 24. Bxf6+ Bxf6 25. Qxf6+ Kg8 26.
R1d2 Rf8 27. Qg5+ Qg7 28. Qxg7+ Kxg7 29. Rd7+ Kg8 30. gxf3 Rxf3 31. Rg2+ Kh8
32. Rg5 Rc8 33. Rxb5 Rf2 34. c3 a3 35. Rd2 axb2+ 36. Kc2 Rf3 37. Rb3 Rfxc3+ 38.
Rxc3 Rxc3+ 39. Kxb2 Rc8 40. a4 Kg7 41. Rf2 Kg6 42. Kb3 Kg5 43. a5 Kg4 44. Kb4
h5 45. a6 Kh3 46. Kb5 Rg8 47. Ra2 1-0

[Event "3MCR_4D_1L_1S"]
[Site "?"]
[Date "1999.??.??"]
[Round "1"]
[White "Valtera, Jiri"]
[Black "Hlavac, Rudolf"]
[Result "1/2-1/2"]
[WhiteElo "2340"]
[BlackElo "2300"]
[PlyCount "79"]
[EventDate "1999.??.??"]
[EventType "corr"]

1. e4 c5 2. Nf3 Nc6 3. d4 cxd4 4. Nxd4 Nf6 5. Nc3 e5 6. Ndb5 d6 7. Bg5 a6 8.
Na3 b5 9. Nd5 Be7 10. Nxe7 Nxe7 11. Bxf6 gxf6 12. c4 Bb7 13. cxb5 Bxe4 14. bxa6
d5 15. Bb5+ Kf8 16. O-O Qb6 17. Kh1 d4 18. Qd2 Rg8 19. f3 Bd5 20. Bd3 Ng6 21.
g3 h5 22. Nc2 Kg7 23. Nb4 Ne7 24. a3 Rgc8 25. Nxd5 Nxd5 26. b4 Rc3 27. b5 Rac8
28. a4 Qa5 29. Rfe1 Ne3 30. Rab1 Qxa4 31. b6 Rc2 32. b7 Rxd2 33. bxc8=Q Rxd3
34. Rg1 Rc3 35. Qa8 Ra3 36. Rb8 Ra1 37. Rg8+ Kh7 38. Rh8+ Kg6 39. Rg8+ Kh7 40.
Rh8+ 1/2-1/2

[Event "3MCR_4D_1L_1S"]
[Site "?"]
[Date "1999.??.??"]
[Round "1"]
[White "Lexa, Vaclav"]
[Black "Jandovsky, Viktor"]
[Result "1/2-1/2"]
[WhiteElo "2365"]
[BlackElo "2285"]
[PlyCount "105"]
[EventDate "1999.??.??"]
[EventType "corr"]

1. d4 Nf6 2. c4 g6 3. Nc3 Bg7 4. e4 d6 5. Nf3 O-O 6. Be2 e5 7. O-O Nc6 8. d5
Ne7 9. Nd2 a5 10. a3 Nd7 11. Rb1 f5 12. b4 Kh8 13. f3 Ng8 14. Qc2 Ngf6 15. Bd3
f4 16. Nb5 b6 17. Bb2 Ne8 18. Be2 h5 19. c5 bxc5 20. bxc5 Nxc5 21. a4 g5 22.
Ba3 Na6 23. Rfc1 g4 24. Qc3 Rg8 25. Nf1 Bd7 26. Rb2 Bh6 27. Bd1 Rg7 28. Rbc2
Nf6 29. Qxa5 gxf3 30. Bxf3 Nc5 31. Qxc7 Ncxe4 32. Nxd6 Qxc7 33. Rxc7 Ng5 34.
Nd2 Rxa4 35. Bb2 Ra2 36. R1c2 Ba4 37. Bxe5 Bxc2 38. Bxf6 Bd3 39. Bxg7+ Bxg7 40.
h4 Bd4+ 41. Kh2 Nxf3+ 42. Nxf3 Bf2 43. Rc8+ Kh7 44. Ng5+ Kh6 45. Rg8 Bg6 46.
Ne6 Kh7 47. Rf8 Ra3 48. Nc4 Bg3+ 49. Kh3 Rd3 50. Ne5 Rd1 51. Rxf4 Bxf4 52. Nxf4
Be4 53. Nxh5 1/2-1/2

[Event "3MCR_4D_1L_1S"]
[Site "?"]
[Date "1999.??.??"]
[Round "1"]
[White "Jandovsky, Viktor"]
[Black "Valtera, Jiri"]
[Result "1/2-1/2"]
[WhiteElo "2285"]
[BlackElo "2340"]
[PlyCount "82"]
[EventDate "1999.??.??"]
[EventType "corr"]

1. e4 c5 2. Nf3 d6 3. d4 cxd4 4. Nxd4 Nf6 5. Nc3 a6 6. Bg5 e6 7. f4 Qc7 8. Qf3
b5 9. Bd3 b4 10. Nce2 Nbd7 11. O-O Bb7 12. Kh1 Be7 13. a3 bxa3 14. Rxa3 Nc5 15.
Ng3 h6 16. Bxf6 Bxf6 17. c3 Qb6 18. Rb1 e5 19. Nde2 Nxd3 20. Qxd3 O-O 21. f5
Bg5 22. c4 Rfc8 23. Rd1 Rab8 24. Qc2 Bc6 25. b3 Be7 26. Rda1 Ra8 27. Nc3 d5 28.
exd5 Bxa3 29. Rxa3 Bb5 30. Nce4 Qd4 31. Qd2 Qxd2 32. Nxd2 Bd7 33. Nde4 f6 34.
Kg1 Kf8 35. Nd6 Rc7 36. Kf2 Ke7 37. Nde4 Rcc8 38. Ra5 Rab8 39. Rxa6 Rxb3 40. c5
Rd3 41. c6 Rxd5 1/2-1/2

[Event "3MCR_4D_1L_1S"]
[Site "?"]
[Date "1999.??.??"]
[Round "1"]
[White "Hlavac, Rudolf"]
[Black "Lexa, Vaclav"]
[Result "1/2-1/2"]
[WhiteElo "2300"]
[BlackElo "2365"]
[PlyCount "93"]
[EventDate "1999.??.??"]
[EventType "corr"]

1. e4 c5 2. Nf3 d6 3. d4 cxd4 4. Qxd4 Nc6 5. Bb5 Bd7 6. Bxc6 Bxc6 7. c4 f5 8.
exf5 Qa5+ 9. Nc3 Qxf5 10. O-O Nf6 11. Nb5 Bxb5 12. cxb5 Qxb5 13. Re1 Qd5 14.
Qa4+ Qc6 15. Qb3 Qd5 16. Qa4+ Qc6 17. Qa3 Qd7 18. Bf4 e5 19. Rad1 Be7 20. Bxe5
O-O 21. Bxd6 Bxd6 22. Rxd6 Qb5 23. Rde6 a6 24. R6e5 Qb6 25. b4 Kh8 26. h3 Rad8
27. Qb3 Rd7 28. a3 Qd8 29. Ng5 Rd3 30. Qe6 Rd7 31. Qc4 Qb8 32. Re7 b5 33. Qb3
Rxe7 34. Rxe7 Qf4 35. Nf7+ Kg8 36. Ne5+ Kh8 37. g3 Qd2 38. Kg2 g6 39. Nf7+ Kg8
40. Ng5+ Qd5+ 41. Qxd5+ Nxd5 42. Ra7 h6 43. Ne6 Rf6 44. Rxa6 Nc3 45. Ra8+ Kf7
46. Nc5 Rd6 47. a4 1/2-1/2

[Event "3MCR_4D_1L_1S"]
[Site "?"]
[Date "1999.??.??"]
[Round "1"]
[White "Lexa, Vaclav"]
[Black "Sekanina, Jiri"]
[Result "1/2-1/2"]
[WhiteElo "2365"]
[BlackElo "2355"]
[PlyCount "111"]
[EventDate "1999.??.??"]
[EventType "corr"]

1. d4 f5 2. c4 Nf6 3. g3 g6 4. Bg2 Bg7 5. Nf3 O-O 6. O-O d6 7. Nc3 Qe8 8. d5 a5
9. Ne1 Na6 10. Nd3 Rb8 11. Rb1 e5 12. dxe6 Bxe6 13. b3 Bd7 14. Bb2 Bc6 15. Nd5
Ne4 16. Bxg7 Kxg7 17. N3f4 Qe5 18. Qc1 Kg8 19. Rd1 Rf7 20. a3 Nac5 21. b4 axb4
22. axb4 Na4 23. b5 Bxd5 24. Rxd5 Qg7 25. Rd3 Nb6 26. Qc2 Re7 27. e3 Ra8 28.
Rd4 Nc5 29. Nd5 Nxd5 30. Bxd5+ Kh8 31. Rbd1 Qe5 32. Bg2 Re6 33. Rd5 Qf6 34. Bf3
Kg7 35. h4 Rae8 36. h5 b6 37. Kg2 Ne4 38. hxg6 hxg6 39. R5d4 Nc5 40. Bd5 R6e7
41. Rh4 Rh8 42. Rxh8 Kxh8 43. Qa2 Re8 44. Ra1 Kg7 45. Qb1 Qe5 46. Ra7 Rc8 47.
Qd1 g5 48. Bc6 Kg6 49. Qd4 Kf6 50. Qd2 Kg6 51. f4 gxf4 52. exf4 Qe6 53. Bd5 Qe7
54. Bf3 Rh8 55. Ra3 Ne4 56. Qd5 1/2-1/2

[Event "3MCR_4D_1L_1S"]
[Site "?"]
[Date "1999.??.??"]
[Round "1"]
[White "Sekanina, Jiri"]
[Black "Dolezel, Jiri"]
[Result "1-0"]
[WhiteElo "2355"]
[BlackElo "2415"]
[PlyCount "93"]
[EventDate "1999.??.??"]
[EventType "corr"]

1. c4 Nf6 2. Nc3 g6 3. g3 Bg7 4. Bg2 d6 5. d4 O-O 6. Nf3 Nbd7 7. O-O e5 8. e4
exd4 9. Nxd4 Re8 10. h3 Nc5 11. Re1 a5 12. b3 c6 13. Bf4 h6 14. Qc2 a4 15. Rad1
Nh5 16. Be3 axb3 17. axb3 Qb6 18. Rb1 Qb4 19. Nde2 Be6 20. Red1 Red8 21. Nd4
Kh7 22. Nce2 Bc8 23. Bd2 Qb6 24. b4 Ne6 25. Be3 Qc7 26. b5 Nxd4 27. Nxd4 Bd7
28. bxc6 bxc6 29. c5 dxc5 30. Qxc5 Be8 31. Nf5 Ra5 32. Qc2 Rxd1+ 33. Qxd1 Rb5
34. Nxg7 Rxb1 35. Qxb1 Nxg7 36. Qc1 g5 37. Qc5 Kg8 38. Qc3 Qd6 39. Bc1 f6 40.
Ba3 Qe6 41. Bb2 Nh5 42. Bf3 Qd6 43. Bg4 Bg6 44. Ba3 Qe5 45. Qxc6 Qa1+ 46. Bc1
Ng7 47. Bd1 1-0

[Event "3MCR_4D_1L_1S"]
[Site "?"]
[Date "1999.??.??"]
[Round "1"]
[White "Hostinsky, Jiri"]
[Black "Lexa, Vaclav"]
[Result "1/2-1/2"]
[WhiteElo "2450"]
[BlackElo "2365"]
[PlyCount "130"]
[EventDate "1999.??.??"]
[EventType "corr"]

1. e4 c5 2. Nf3 d6 3. d4 cxd4 4. Nxd4 Nf6 5. Nc3 a6 6. Bc4 e6 7. Be3 b5 8. Bb3
Be7 9. Qf3 Qc7 10. O-O-O b4 11. Na4 Nbd7 12. Qg3 Bb7 13. f3 Rc8 14. Qxg7 Rg8
15. Qh6 Rxg2 16. Qh3 Rg6 17. Ne2 Nxe4 18. fxe4 Bxe4 19. c3 Bxh1 20. Rxh1 bxc3
21. Naxc3 Qb7 22. Re1 Rg7 23. Nf4 Nc5 24. Bxc5 Rxc5 25. Kb1 Rcg5 26. Nh5 R7g6
27. Ng3 h5 28. Bc2 Rh6 29. Nge4 Rgg6 30. Qe3 h4 31. Qf4 Qb6 32. Nf2 Bf6 33.
Bxg6 Rxg6 34. Nfd1 Kf8 35. Rf1 d5 36. Ne2 e5 37. Qf3 e4 38. Qf5 Rg2 39. Nec3
Kg7 40. Qxd5 Bxc3 41. Rxf7+ Kh6 42. Rb7 Qd4 43. Nxc3 Qd3+ 44. Qxd3 exd3 45.
Rb6+ Kh5 46. a4 Rxh2 47. Rxa6 h3 48. Ra8 Re2 49. b4 h2 50. Rh8+ Kg4 51. b5 Re1+
52. Kb2 h1=Q 53. Rxh1 Rxh1 54. b6 Rh8 55. a5 Rb8 56. Nd5 Kf3 57. Kc3 Ke4 58.
Nb4 Rc8+ 59. Kd2 Kd4 60. a6 Rh8 61. a7 Rh2+ 62. Ke1 Rh1+ 63. Kf2 d2 64. Nc2+
Kd3 65. Ne3 Ra1 1/2-1/2

[Event "3MCR_4D_1L_1S"]
[Site "?"]
[Date "1999.??.??"]
[Round "1"]
[White "Leiner, Rainmund"]
[Black "Smalcl, Frantisek"]
[Result "1-0"]
[WhiteElo "2225"]
[BlackElo "2490"]
[PlyCount "99"]
[EventDate "1999.??.??"]
[EventType "corr"]

1. e4 e5 2. Nf3 Nc6 3. d4 exd4 4. Nxd4 Bc5 5. Be3 Qf6 6. c3 Nge7 7. Bc4 Ne5 8.
Be2 Qg6 9. O-O d6 10. Kh1 O-O 11. f4 Qxe4 12. Nd2 Qxe3 13. Nc2 Ng4 14. Nxe3
Nxe3 15. Qa4 Nxf1 16. Rxf1 Nf5 17. Bd3 c6 18. Re1 Bd7 19. Qb3 Rab8 20. Nf1 b5
21. Qc2 g6 22. g4 Ng7 23. f5 Rfe8 24. Rxe8+ Rxe8 25. a4 a6 26. b4 Bb6 27. a5
Ba7 28. c4 Re5 29. cxb5 axb5 30. Ng3 Ne8 31. Ne4 Bd4 32. h3 c5 33. fxg6 hxg6
34. Be2 Kf8 35. Bf3 Ke7 36. bxc5 dxc5 37. a6 Nc7 38. Qa2 Bc6 39. Qa5 Kd8 40.
Ng5 Kd7 41. Bxc6+ Kxc6 42. Nxf7 Re8 43. a7 Ra8 44. h4 Re8 45. h5 gxh5 46. gxh5
Rf8 47. Qe1 Kd7 48. Ne5+ Kd6 49. Ng6 Ra8 50. Qe7+ 1-0

[Event "3MCR_4D_1L_1S"]
[Site "?"]
[Date "1999.??.??"]
[Round "1"]
[White "Jandovsky, Viktor"]
[Black "Smalcl, Frantisek"]
[Result "1/2-1/2"]
[WhiteElo "2285"]
[BlackElo "2490"]
[PlyCount "96"]
[EventDate "1999.??.??"]
[EventType "corr"]

1. e4 e5 2. Nf3 Nc6 3. Bb5 a6 4. Ba4 Nf6 5. O-O Be7 6. Re1 b5 7. Bb3 O-O 8. c3
d6 9. h3 Bb7 10. d4 Re8 11. Nbd2 Bf8 12. a4 h6 13. Bc2 exd4 14. cxd4 Nb4 15.
Bb1 c5 16. d5 Nd7 17. Ra3 c4 18. axb5 axb5 19. Nd4 Rxa3 20. bxa3 Nd3 21. Bxd3
cxd3 22. Re3 Nc5 23. Bb2 Qa5 24. Nf5 g6 25. Ng3 Be7 26. Nh5 Ra8 27. Rg3 Bh4 28.
Rg4 Bg5 29. Rxg5 hxg5 30. Nf6+ Kf8 31. Nh7+ Ke8 32. Nxg5 Ra7 33. h4 Bc8 34. e5
Re7 35. Nde4 Nxe4 36. Nxe4 dxe5 37. Qxd3 Qa6 38. Qg3 Bf5 39. d6 Bxe4 40. dxe7
f6 41. h5 Kxe7 42. hxg6 Qd6 43. Qg4 Qd3 44. g7 Bd5 45. Qb4+ Kd7 46. Bc3 Qg6 47.
Qxb5+ Bc6 48. Qf1 Qxg7 1/2-1/2

[Event "3MCR_4D_1L_1S"]
[Site "?"]
[Date "1999.??.??"]
[Round "1"]
[White "Dolezel, Jiri"]
[Black "Chytilek, Roman"]
[Result "0-1"]
[WhiteElo "2415"]
[BlackElo "2275"]
[PlyCount "96"]
[EventDate "1999.??.??"]
[EventType "corr"]

1. e4 e6 2. d4 d5 3. Nd2 Nf6 4. e5 Nfd7 5. Bd3 c5 6. c3 Nc6 7. Ne2 cxd4 8. cxd4
f6 9. exf6 Qxf6 10. Nf3 h6 11. O-O Bd6 12. Nc3 O-O 13. Be3 Rd8 14. Rc1 Nf8 15.
Re1 Bd7 16. Nb5 Bb8 17. Qd2 Be8 18. Be2 Ng6 19. g3 Nge7 20. h3 Bh5 21. Nh2 Bxe2
22. Rxe2 Nf5 23. Rd1 a6 24. Na3 Ba7 25. Nc2 Qf7 26. g4 Nd6 27. Qd3 Rac8 28. Ne1
Rf8 29. Nhf3 Ne4 30. a3 Bb8 31. Nd2 e5 32. Nb3 Rcd8 33. Rc2 Qf6 34. Qf1 exd4
35. Nxd4 Bf4 36. Qd3 Bxe3 37. Qxe3 Rde8 38. Nxc6 bxc6 39. Qd4 Qxd4 40. Rxd4
Nxf2 41. Rxf2 Rxe1+ 42. Kg2 Rxf2+ 43. Kxf2 Rb1 44. Rd2 Rc1 45. Ke3 Kf7 46. Re2
Kf6 47. Kd4 a5 48. Re8 Rc2 0-1

[Event "3MCR_4D_1L_1S"]
[Site "?"]
[Date "1999.??.??"]
[Round "1"]
[White "Hostinsky, Jiri"]
[Black "Dolezel, Jiri"]
[Result "1-0"]
[WhiteElo "2450"]
[BlackElo "2415"]
[PlyCount "93"]
[EventDate "1999.??.??"]
[EventType "corr"]

1. e4 e5 2. Nf3 Nc6 3. d4 exd4 4. Nxd4 Nf6 5. Nxc6 bxc6 6. e5 Qe7 7. Qe2 Nd5 8.
c4 Ba6 9. g3 f6 10. e6 dxe6 11. Bh3 e5 12. O-O Rd8 13. Qe4 Qb4 14. b3 Qb6 15.
Rd1 Bc5 16. cxd5 Bxf2+ 17. Kh1 cxd5 18. Qc2 Bd4 19. Nc3 Bxc3 20. Qxc3 d4 21.
Qc2 O-O 22. Ba3 Rf7 23. Rac1 Bb7+ 24. Bg2 Bxg2+ 25. Kxg2 Rfd7 26. Qc4+ Kh8 27.
Kg1 h6 28. Bc5 Qb7 29. Qe6 Qf3 30. Rf1 Qe3+ 31. Kg2 Qe4+ 32. Kh3 Qe2 33. b4 Rd5
34. Be7 Qh5+ 35. Kg2 R8d7 36. Rc5 Rxc5 37. Bxc5 Qe2+ 38. Rf2 Qb5 39. Bxa7 Rd6
40. Qc8+ Kh7 41. Bc5 Qc6+ 42. Kg1 Rd7 43. Qe8 Qd5 44. Qh5 g6 45. Qf3 e4 46.
Qxf6 e3 47. Rb2 1-0

[Event "3MCR_4D_1L_1S"]
[Site "?"]
[Date "1999.??.??"]
[Round "1"]
[White "Vagenknecht, Ludek"]
[Black "Hostinsky, Jiri"]
[Result "0-1"]
[WhiteElo "2235"]
[BlackElo "2450"]
[PlyCount "94"]
[EventDate "1999.??.??"]
[EventType "corr"]

1. e4 c5 2. Nf3 Nc6 3. d4 cxd4 4. Nxd4 Nf6 5. Nc3 d6 6. Bg5 Bd7 7. Qd2 Rc8 8.
O-O-O Nxd4 9. Qxd4 Qa5 10. Bd2 a6 11. f3 g6 12. Kb1 Bg7 13. Nd5 Qa4 14. Qxa4
Bxa4 15. b3 Nxd5 16. exd5 Bd7 17. Bg5 Bf5 18. Bd3 Bxd3 19. Rxd3 Rc3 20. Rdd1
Kd7 21. Rhe1 Re8 22. Bc1 Rc7 23. Re2 b5 24. a3 Rec8 25. Rde1 e5 26. Be3 Rc3 27.
Bb6 f5 28. Bd4 exd4 29. Re7+ Kd8 30. Rxg7 Re3 31. Rc1 Re2 32. c4 dxc3 33. Rg8+
Re8 34. Rxe8+ Kxe8 35. Kc2 Kf7 36. Rd1 a5 37. Rd4 Re8 38. Kxc3 Re3+ 39. Rd3 Re2
40. Rd2 Rxd2 41. Kxd2 f4 42. Kd3 Kf6 43. Ke4 g5 44. h4 h5 45. a4 b4 46. Kd3
gxh4 47. Ke4 Kg5 0-1

[Event "3MCR_4D_1L_1S"]
[Site "?"]
[Date "1999.??.??"]
[Round "1"]
[White "Smalcl, Frantisek"]
[Black "Vagenknecht, Ludek"]
[Result "1-0"]
[WhiteElo "2490"]
[BlackElo "2235"]
[PlyCount "89"]
[EventDate "1999.??.??"]
[EventType "corr"]

1. d4 Nf6 2. c4 g6 3. Nc3 d5 4. cxd5 Nxd5 5. e4 Nxc3 6. bxc3 Bg7 7. Bb5+ c6 8.
Ba4 b5 9. Bb3 O-O 10. Ne2 a5 11. O-O Nd7 12. Bg5 Nb6 13. a3 Qc7 14. Qd2 c5 15.
Qe3 c4 16. Bc2 Ba6 17. Bf4 Qa7 18. Rfb1 Nd7 19. e5 Nb6 20. Be4 Rad8 21. Qf3 e6
22. Bc6 Rb8 23. Bxb5 Bb7 24. Bc6 Bxc6 25. Qxc6 Rfc8 26. Qe4 Nd5 27. Bd2 Rc6 28.
Qc2 Rcb6 29. a4 Bf8 30. Rxb6 Qxb6 31. Kf1 Qc6 32. Ng3 Rb3 33. Ne4 Be7 34. Bh6
Qb7 35. Bc1 Qb8 36. g3 Kg7 37. h4 h5 38. Ra2 Qb7 39. Kg1 Qc6 40. Bb2 f5 41.
exf6+ Nxf6 42. Nd2 Qd5 43. Qd1 Rb7 44. Qe2 Rc7 45. Ba3 1-0